Normal view
MARC view
Entry Topical Term
001 - CONTROL NUMBER
- control field: 45685
003 - CONTROL NUMBER IDENTIFIER
- control field: ARRUPE
005 - DATE AND TIME OF LATEST TRANSACTION
- control field: 20190402090451.0
008 - FIXED-LENGTH DATA ELEMENTS
- fixed length control field: 190402|| aca||aabn | a|a d
040 ## - CATALOGING SOURCE
- Original cataloging agency: ARRUPE
- Transcribing agency: ARRUPE
150 ## - HEADING--TOPICAL TERM
- Topical term or geographic name as entry element: Schizophrenics
- General subdivision: Language.
670 ## - SOURCE DATA FOUND
- Source citation: Work cat.: (ARRUPE)0: Cooper, D. G. (David Graham), 1931-1986. 45684, The language of madness /, 1980.